Kỹ thuật phay

Cuốn sách "Kỹ thuật phay" cũng giới thiệu một số khái niệm cơ bản về điều khiển tự động và điều khiển theo chương trình đối với các máy phay tự động, máy phay điều khiển theo chương trình, trên các đường dây gia công... Cuốn...

সম্পূর্ণ বিবরণ

সংরক্ষণ করুন:
গ্রন্থ-পঞ্জীর বিবরন
প্রধান লেখক: Nguyễn, Tiến Đào
বিন্যাস: গ্রন্থ
ভাষা:Undetermined
প্রকাশিত: Hà Nội Khoa học và kỹ thuật 2004,2006
বিষয়গুলি:
ট্যাগগুলো: ট্যাগ যুক্ত করুন
কোনো ট্যাগ নেই, প্রথমজন হিসাবে ট্যাগ করুন!
Thư viện lưu trữ: Trung tâm Học liệu Trường Đại học Cần Thơ
LEADER 01641nam a2200217Ia 4500
001 CTU_95066
008 210402s9999 xx 000 0 und d
020 |c 26000 
082 |a 671.53 
082 |b Đ108 
100 |a Nguyễn, Tiến Đào 
245 0 |a Kỹ thuật phay 
245 0 |c Nguyễn Tiến Đào, Nguyễn Tiến Dũng 
260 |a Hà Nội 
260 |b Khoa học và kỹ thuật 
260 |c 2004,2006 
520 |a Cuốn sách "Kỹ thuật phay" cũng giới thiệu một số khái niệm cơ bản về điều khiển tự động và điều khiển theo chương trình đối với các máy phay tự động, máy phay điều khiển theo chương trình, trên các đường dây gia công... Cuốn sách cũng là một cẩm nang nhằm giúp cho học viên, công nhân cơ khí và những người muốn học nghề cơ khí có những hiểu biết cơ bản để dễ dàng thực hành và nâng bậc, đặc biệt là tiếp cận với các phương pháp gia công hiện đại, tiên tiến. Nó cũng giúp một phần cho các nhà kinh tế, tài chính, ngân hàng, quản trị chất lượng, quản trị doanh nghiệp... trong việc tổ chức, quản lý, chỉ đạo sản xuất, đảm bảo chất lượng và giá thành sản phẩm. 
650 |a Metal 
650 |x Cutting 
904 |i Tuyến 
980 |a Trung tâm Học liệu Trường Đại học Cần Thơ